000 00855nam a2200265 a 4500
001 000012637
005 20200929163041.0
008 091113s1993 sp 000 f spa d
020 _a8401492041
040 _aDO-SdBNP
_bspa
_cBNPHU
082 _a813.54
_bG696a
100 1 _aGould, Judith,
_d1945-
_911157
240 1 0 _aLove-Makers.
_lEspañol
245 1 0 _aAmantes /
_cJudith Could ; traducción de María Teresa Montaner Soro.
260 _aBarcelona :
_bPlaza & Janés,
_c1993.
300 _a491, [5] ;
_c18 cm.
490 1 _aJet de Plaza & Janés
_v205/1
534 _aTítulo original en inglés:
_tLove-Makers
650 4 _aNovela estadounidense
_9262
650 4 _aLiteratura estadounidense
_9263
700 1 _aMontaner Soro, María Teresa,
_etr.
_929407
830 0 _aJet de Plaza & Janés ;
_v205/1
_929408
910 _aWM
049 _aBNGR
999 _c12289
_d12289